000 00655nam a2200241Ia 4500
003 OSt
005 20221005051241.0
006 a|||||r|||| 00| 0
007 ta
008 221004b |||||||| |||| 00| 0 eng d
024 _a47262
037 _cTextual
040 _aCRL
_cCRL
_beng
041 _2eng
_aeng
082 _aO111,2J64,MA, K9
100 _aShakespeare William
245 0 _aMacbeth ed by Kenneth Muir.
260 _aLondon
_bArden Shakespeare Paperbacks
_c1969
300 _a205p
_ccm.
650 _aENGLISH LITERATURE
942 _hO111,2J64,MA, K9
_cTEXL
_2cc
999 _c958469
_d958469